Statistics for States without Wildernesses

Click here to take the quiz!

General Stats

  • This quiz has been taken 53 times
    (19 since last reset)
  • The average score is 4 of 5

Answer Stats

State% Correct
Connecticut
100%
Rhode Island
100%
Delaware
92%
Kansas
50%
Iowa
42%

Score Distribution

Percentile by Number Answered

Percent of People with Each Score

Your Score History

You have not taken this quiz since the last reset